Study guide for use with Adolescence

Sparad:
Bibliografiska uppgifter
Huvudupphovsman: Santrock, John W
Materialtyp: Bok
Publicerad: McGraw-Hill Higher Education 2001
Taggar: Lägg till en tagg
Inga taggar, Lägg till första taggen!
Thư viện lưu trữ: Mạng thư viện Đại học Đà Nẵng
LEADER 00582nam a2200229 a 4500
001 000029010
003 14354
005 20171030145630.0
008 171030s2001
040 |a LTT 
082 0 |a 305.24  |b SA-J 
100 1 |a Santrock, John W 
245 0 0 |a Study guide for use with Adolescence  |c John W. Santrock, Elaine Cassel. 
260 |b McGraw-Hill Higher Education  |c 2001 
500 |a ASIA 
OWN |a LTT 
999 |a From the UDN01 
TYP |a Monograph 
TYP |a Printed language 
980 |a Mạng thư viện Đại học Đà Nẵng